| 000 | 00491nam a2200169Ia 4500 | ||
|---|---|---|---|
| 008 | 230917s9999||||xx |||||||||||||| ||und|| | ||
| 020 | _cRS 350.00 | ||
| 040 |
_e5002621 _aMAIN |
||
| 041 | _aEnglish | ||
| 082 | _a658.3 R812C | ||
| 100 | _aRoy, Anindya Basu | ||
| 245 | 0 | _aCompetency-based human resource management | |
| 260 |
_aNew Delhi _bSage Publications India _c2019 |
||
| 300 | _axviii, 238 p. | ||
| 500 | _a3937 03/01/2020 HBD20/8219 05/02/2020 IMSAR (Dev. & Research) | ||
| 942 | _cBK | ||
| 999 |
_c1189 _d1189 |
||